Statistics for Count to 10 in French

Click here to take the quiz!

General Stats

  • This quiz has been taken 138 times
  • The average score is 10 of 11

Answer Stats

Hint Answer % Correct
1un
100%
2deux
96%
3trois
95%
6six
95%
5cinq
94%
7sept
93%
8huit
93%
9neuf
93%
0zero
92%
10dix
92%
4quatre
89%

Score Distribution

Percentile by Number Answered

Percent of People with Each Score

Your Score History

You have not taken this quiz